Statistiques concernant Pokémon: complétez le nom

Cliquez ici pour prendre le quiz!

Statistiques générales

  • Ce quiz a été pris 104 fois
  • Le résultat moyen est 9 sur 20

Statistiques - réponses

DébutPokémon% Correct
Char-Charmillon | Charmina | Chartor | Charkos | Charpenti | Charbi | Charmilly | Charibari | Charbambin
86%
Flo-Florizarre | Floravol | Flobio | Flotajou | Flotoutan | Floette | Florges | Flotillon | Floréclat | Flotte-Mèche
84%
Tri-Tropikeur | Tritosor | Tritonde | Trioxhydre | Tritox | Triopikeau
75%
Rac-Racaillou
74%
-ari-
Otaria | Marill | Azumarill | Girafarig | Ursaring | Hariyama | Tarinor | Altaria | Lucario | Tarinorme | Marisson | Charibari | Farigiraf |
62%
-nusFantominus | Kaiminus | Amovénus
59%
Pom-Pomdepik | Pomdrapi
59%
-oirGardevoir | Noctunoir | Aflamanoir
55%
-ameGallame | Malvalame
54%
-steMaraiste | Flingouste | Argouste | Terraiste
53%
Tut-Tutafeh | Tutankafer | Tutétékri
53%
-eurTaupiqueur | Triopikeur | Machopeur | Mackogneur | Ossatueur | Insécateur | Aligatueur | Phogleur | Hachécateur | Virevorreur | Scalpereur
41%
-cheSalamèche | Barloche | Carmache | Incisache | Efflèche | Flotte-Mèche
36%
-nn-Munna | Feunnec | Excavarenne | Dedenne |
24%
-amia-Miamiasme | Flamiaou
20%
-riz-Florizarre | Motorizard
16%
-oma-Hypnomade | Colhomard | Momartik | Gromago
16%
-iro-Nirondelle | Regirock | Piclairon | Virovent |
15%
-rus-Crustabri
9%
-ica-Magicarpe | Relicanth | Picassaut | Félicanis
7%

Distribution des résultats

Percentile par nombre de réponses

% des personnes avec chaque résultat

Votre développement - résultats

Vous n’avez pas pris ce quiz